French Verb Translation Match Up Quiz Stats

 Plays Quiz not verified by Sporcle

Score 0/50 Timer 10:00
0 Plays Today
% Correct
etre
93%
aimer
93%
aller
90.1%
parler
88%
ecrire
87.1%
avoir
84.5%
comprendre
84.2%
arriver
84.1%
faire
83.3%
mourir
83.3%
entrer
81.3%
vivre
79.4%
penser
76.9%
dire
75.4%
tomber
75.1%
voir
74.2%
commencer
74.2%
donner
73.4%
demander
73.2%
appeler
71.8%
vouloir
70.5%
chercher
70.2%
venir
69.4%
regarder
69.4%
connaitre
68.1%
% Correct
mettre
67.5%
savoir
67.3%
repondre
67%
croire
66.7%
rester
65.4%
porter
63.6%
trouver
60.8%
prendre
60.4%
pouvoir
59.8%
entendre
56.8%
sentir
56.6%
attendre
56.6%
devoir
51.7%
suivre
46.6%
montrer
46.6%
devenir
45.5%
tenir
44.5%
sembler
44.5%
laisser
43.7%
falloir
42.4%
passer
39.9%
retenir
34.1%
rendre
32.5%
paraitre
31.4%
reprendre
29%

You're not logged in!

Compare scores with friends on all Sporcle quizzes.
OR
Log In

Sporcle TV

Today on Sporcle TV


Watch our educational content, quiz creation guides, and fun videos on Sporcle TV.

Show Comments

Extras

Top Quizzes Today


Score Distribution

Your Account Isn't Verified!

In order to create a playlist on Sporcle, you need to verify the email address you used during registration. Go to your Sporcle Settings to finish the process.

Report this User

Report this user for behavior that violates our Community Guidelines.

Details: